书目信息 |
| 题名: |
骨质增生症与骨质疏松症
|
|
| 作者: | 黄世波 主编 | |
| 分册: | ||
| 出版信息: | 北京 中国华侨出版社 2001 |
|
| 页数: | 263页 | |
| 开本: | 19cm | |
| 丛书名: | 中西医结合骨病诊治系列丛书 | |
| 单 册: | ||
| 中图分类: | R681.1 | |
| 科图分类: | ||
| 主题词: | 骨质增生--中西医结合疗法 , 骨质疏松--中西医结合疗法 , CT--S026766--骨质增生 , CT--S026765--骨质疏松 , CT--S096601--中西医结合疗法 | |
| 电子资源: | ||
| ISBN: | 7-80120-323-2 | |
| 000 | 01167oam2 2200325 45 | |
| 001 | 012001075591 | |
| 005 | 20070113104018.62 | |
| 010 | @a7-80120-323-2@dCNY13.40 | |
| 035 | @a(011001)c2001070938 | |
| 092 | @aCN@b497066 | |
| 100 | @a20010914d2001 em y0chiy0110 ea | |
| 101 | 0 | @achi |
| 102 | @aCN@b110000 | |
| 105 | @ay z 000yy | |
| 200 | 1 | @a骨质增生症与骨质疏松症@9gu zhi zeng sheng zheng yu gu zhi shu song zheng@f黄世波等主编 |
| 210 | @a北京@c中国华侨出版社@d2001 | |
| 215 | @a263页@d19cm | |
| 225 | 2 | @a中西医结合骨病诊治系列丛书 |
| 314 | @a黄世波(1941~ ),汉族,大学本科学历,外科副主任医师,现作荔湾区骨伤科医院党支部书记,名誉院长。 | |
| 330 | @a本书阐述了骨与关节的基本知识,骨关节的生物力学基础,骨质增生症的病因,骨质增生症的病理,骨质增生症的诊断等方面的知识。 | |
| 461 | 0 | @12001 @a中西医结合骨病诊治系列丛书 |
| 606 | 0 | @a骨质增生@x中西医结合疗法 |
| 606 | 0 | @a骨质疏松@x中西医结合疗法 |
| 606 | 0 | @2CT@3S026766@a骨质增生 |
| 606 | 0 | @2CT@3S026765@a骨质疏松 |
| 606 | 0 | @2CT@3S096601@a中西医结合疗法 |
| 690 | @aR681.1@v4 | |
| 701 | 0 | @a黄世波@9huang shi bo@4主编 |
| 801 | 0 | @aCN@bNLC@c20070113 |
| 905 | @a10447@dR681.1@e34 | |
| 骨质增生症与骨质疏松症/黄世波等主编.-北京:中国华侨出版社,2001 |
| 263页;19cm.-(中西医结合骨病诊治系列丛书) |
| ISBN 7-80120-323-2:CNY13.40 |
| 本书阐述了骨与关节的基本知识,骨关节的生物力学基础,骨质增生症的病因,骨质增生症的病理,骨质增生症的诊断等方面的知识。 |
| ● |
| 相关链接 |
|
|
|
|
正题名:骨质增生症与骨质疏松症
索取号:R681.1/34
 
预约/预借
| 序号 | 登录号 | 条形码 | 馆藏地/架位号 | 状态 | 备注 |
| 1 | 0564809 | 205648094 | 第二样本阅览室/ [索取号:R681.1/34] | 在馆 | |
| 2 | 0564810 | 205648101 | 第三借阅区/ [索取号:R681.1/34] | 在馆 | |
| 3 | 0564811 | 205648110 | 第三借阅区/ [索取号:R681.1/34] | 在馆 | |
| 4 | 0564812 | 205648129 | 教育系资料室/ [索取号:R681.1/34] | 在馆 | |
| 5 | 0564813 | 205648138 | 教育系资料室/ [索取号:R681.1/34] | 在馆 | |
| 6 | 0564814 | 205648147 | 第三借阅区/ [索取号:R681.1/34] | 在馆 | |
| 7 | 0564815 | 205648156 | 教育系资料室/ [索取号:R681.1/34] | 在馆 | |
| 8 | 0564816 | 205648165 | 第三借阅区/ [索取号:R681.1/34] | 在馆 |